000 00583nam a2200229Ia 4500
003 OSt
005 20221005123228.0
006 a|||||r|||| 00| 0
007 ta
008 221004b |||||||| |||| 00| 0 tam d
024 _a46766
037 _cTextual
040 _aCRL
_cCRL
_btam
041 _2tam
_atam
082 _aO31,1C81x, L3
100 _aSoma Sundaranar Au.
_9633374
245 0 _aKuna mabyarilam bagam
260 _c1973
650 _aTAMIL LITERATURE
942 _hO31,1C81x, L3
_cTEXL
_2cc
999 _c1046768
_d1046768